MARC details
| 000 -LEADER |
| fixed length control field |
00833cam a2200289 i 4500 |
| 001 - CONTROL NUMBER |
| control field |
200468065 |
| 003 - CONTROL NUMBER IDENTIFIER |
| control field |
TR-AnTOB |
| 005 - DATE AND TIME OF LATEST TRANSACTION |
| control field |
20260413112011.0 |
| 007 - PHYSICAL DESCRIPTION FIXED FIELD--GENERAL INFORMATION |
| fixed length control field |
ta |
| 008 - FIXED-LENGTH DATA ELEMENTS--GENERAL INFORMATION |
| fixed length control field |
260409t19651965nyu |||| |||| 00| 0 eng d |
| 020 ## - INTERNATIONAL STANDARD BOOK NUMBER |
| International Standard Book Number |
0586022791 |
| 040 ## - CATALOGING SOURCE |
| Original cataloging agency |
TR-AnTOB |
| Language of cataloging |
eng |
| Description conventions |
rda |
| Transcribing agency |
TR-AnTOB |
| 041 0# - LANGUAGE CODE |
| Language code of text/sound track or separate title |
İngilizce |
| 050 14 - LIBRARY OF CONGRESS CALL NUMBER |
| Classification number |
PS3572.O5 |
| Item number |
G63 1965 |
| 090 ## - LOCALLY ASSIGNED LC-TYPE CALL NUMBER (OCLC); LOCAL CALL NUMBER (RLIN) |
| Classification number (OCLC) (R) ; Classification number, CALL (RLIN) (NR) |
PS3572.O5 |
| Local cutter number (OCLC) ; Book number/undivided call number, CALL (RLIN) |
G63 1965 |
| 100 1# - MAIN ENTRY--PERSONAL NAME |
| Personal name |
Vonnegut, Kurt, |
| Dates associated with a name |
1922-2007 |
| Relator term |
author |
| 9 (RLIN) |
37881 |
| 245 10 - TITLE STATEMENT |
| Title |
God bless you, Mr Rosewater : |
| Remainder of title |
or pearls before swine / |
| Statement of responsibility, etc. |
Kurt Vonnegut, Jr. |
| 264 #1 - PRODUCTION, PUBLICATION, DISTRIBUTION, MANUFACTURE, AND COPYRIGHT NOTICE |
| Place of production, publication, distribution, manufacture |
New York : |
| Name of producer, publisher, distributor, manufacturer |
Triad Panther, |
| Date of production, publication, distribution, manufacture, or copyright notice |
1965. |
|
| Date of production, publication, distribution, manufacture, or copyright notice |
©1965 |
| 300 ## - PHYSICAL DESCRIPTION |
| Extent |
222 pages ; |
| Dimensions |
18 cm |
| 336 ## - CONTENT TYPE |
| Content type term |
text |
| Content type code |
txt |
| Source |
rdacontent |
| 337 ## - MEDIA TYPE |
| Media type term |
unmediated |
| Media type code |
n |
| Source |
rdamedia |
| 338 ## - CARRIER TYPE |
| Carrier type term |
volume |
| Carrier type code |
nc |
| Source |
rdacarrier |
| 650 #0 - SUBJECT ADDED ENTRY--TOPICAL TERM |
| Topical term or geographic name entry element |
American fiction |
| 9 (RLIN) |
73466 |
| 942 ## - ADDED ENTRY ELEMENTS (KOHA) |
| Koha item type |
Book |
| Source of classification or shelving scheme |
Library of Congress Classification |